000 00899nam a22002417a 4500
001 75773
003 BD-RjUL
005 20211209082737.0
008 190702s2013 bg ||||| |||| 00| 0 ben d
020 _a9847000002205
035 _a(BD-RjUL)75992
040 _aBD-RjUL
_beng
_cBD-RjUL
041 _aeng
082 _223
_aB 891.443
_bKUI 2013
100 _aকুন্ডেরা, মিলান
_9232157
245 _aআইডেন্টিটি /
_cমূল : মিলান কুন্ডেরা ; অনুবাদ :খুররম মমতাজ
264 _aঢাকা :
_bজাতীয় সাহিত্য প্রকাশ,
_c২০১৩
300 _a৭৮ পৃ. ;
_c২২ সেমি.
500 _aবাংলায় অনুবাদ
650 _aBengali fiction
_9232158
700 _aমমতাজ, খুররম
_9232160
942 _2ddc
_cBK
999 _c75773
_d75773